000 00861cam a2200265Ma 4500
001 11205759
003 GBCCL
005 20241126110425.0
008 130125s2012 ch 000 0 eng d
035 _a(OCoLC)ocn919117111
035 _a11205759
040 _aSzZUIDS
_bger
_cCHVBK
_dCtY-D
050 0 4 _aBV3151.3
_b.L66 2013
082 _a266
_bLON
100 1 _aLongchar, A. Wati,
_d1958-
_94714
110 2 _aProgramme for Theology and Cultures in Asia.
_94715
245 1 0 _aReturning to mother earth :
_btheology, Christian witness and theological education : an indigenous perspective /
_cA. Wati Longchar.
260 _aTainan :
_bPTCA/SCEPTRE,
_c2012.
300 _a315 p. ;
_c23 cm.
490 1 _aPTCA series ;
_vno. 4
600 0 0 _aMissions.
_94716
650 0 _aTheology, Practical.
_93084
830 0 _aPTCA series ;
_v4.
_94717
942 _2ddc
_cBK
_01
999 _c2284
_d2284